Comentarios al proyecto de ley de empresas asociativas de autogestión

Shranjeno v:
Bibliografske podrobnosti
Glavni avtor: Zeledón Z., Ricardo
Format: Texto
Izdano: San José: UCR. Instituto de Investigaciones Jurídicas
Oznake: Označite
Brez oznak, prvi označite!

MARC

LEADER 00000 a a2200000 04500
001 14997
003
040
090 |a 023600  
100 |a Zeledón Z., Ricardo  
245 |a Comentarios al proyecto de ley de empresas asociativas de autogestión  
260 |a San José:   |b UCR. Instituto de Investigaciones Jurídicas  
300 |a 54 p.  
999 |c 13926  |d 13926